| 000 | 00947nmc a2200349 a 4500 | ||
|---|---|---|---|
| 003 | AR-BaBNM | ||
| 005 | 20251128205355.0 | ||
| 008 | 237019s1984 ||||||||||||||000 | spa|| | ||
| 020 | _a84-7597-003-6 | ||
| 040 | _cAR-BaBNM | ||
| 245 | 1 | 0 |
_aLas guías del trotamundos _b1984-85 Europa del Norte y del Centro |
| 260 |
_aMadrid _bGrech _c1984 |
||
| 300 | 0 |
_a291 p. _bmapas, tablas |
|
| 490 | 0 | _aGuía del trotamundos | |
| 650 | 4 | _aTURISMO | |
| 650 | 4 | _aGUIAS DE VIAJE | |
| 650 | 4 | _aMUSEOS | |
| 650 | 4 | _aMONUMENTOS HISTORICOS | |
| 650 | 4 | _aVISITAS A LOS MUSEOS | |
| 650 | 4 | _aARTE RELIGIOSO | |
| 650 | 4 | _aDISENO ARQUITECTONICO | |
| 650 | 4 | _aEDIFICIOS RELIGIOSOS | |
| 650 | 4 | _aPERIODICOS | |
| 650 | 4 | _aPATRIMONIO CULTURAL | |
| 650 | 4 | _aHOTELES | |
| 651 | 4 | _aEuropa | |
| 700 | 1 |
_aJosse, Pierre _ecolaborador |
|
| 800 | 1 |
_aGloaguen, Philippe _edirector |
|
| 800 | 1 |
_aDuval, Michel _efundador |
|
| 942 | _cBK | ||
| 998 | _cmariana | ||
| 999 |
_c11148 _d11148 |
||